000
00317nam a22001337a 4500
008
171003b xxu||||| |||| 00| 0 eng d
020
_a
9780534505844
041
_a
eng
080
_2
7TH
_a
159.9
100
_a
48
101
_a
PSI
245
_a
STUDY GUIDE FOR EXPERIMENTAL PSYCHOLOGY
_c
CORTESE,M.J
942
_2
udc
_c
BK
999
_c
31370
_d
31370